Umělá a virtuální inteligence zásadně mění psychodiagnostiku
Psychodiagnostika (alebo aj psychometria) je zisťovanie úrovne vedomostí, schopností, motivácie a ľudského potenciálu pre nábor a rozvoj zamestnancov. V posledných rokoch sa veľmi rýchlo rozvíja tak, ako sa rozvíjajú nové technológie a ako sa mení trh práce. Presadzuje sa mobilná komunikácia, nové o...
Guardado en:
| Autor principal: | |
|---|---|
| Formato: | Capítulo de libro |
| Lenguaje: | checo |
| Materias: | |
| Etiquetas: |
Sin Etiquetas, Sea el primero en etiquetar este registro!
|
MARC
| LEADER | 00000naa a2200000 4500 | ||
|---|---|---|---|
| 001 | 0257650 | ||
| 005 | 20190822105837.7 | ||
| 041 | 0 | |a cze | |
| 044 | |a CZ | ||
| 245 | 1 | 0 | |a Umělá a virtuální inteligence zásadně mění psychodiagnostiku |c Alena Kazdová |
| 520 | |a Psychodiagnostika (alebo aj psychometria) je zisťovanie úrovne vedomostí, schopností, motivácie a ľudského potenciálu pre nábor a rozvoj zamestnancov. V posledných rokoch sa veľmi rýchlo rozvíja tak, ako sa rozvíjajú nové technológie a ako sa mení trh práce. Presadzuje sa mobilná komunikácia, nové online nástroje, presun od diagnostiky jednotlivca k zbere a analýze dát, tzv. Big Data. | ||
| 610 | 2 | 0 | |a nábor pracovníkov |
| 610 | 2 | 0 | |a diagnostikácia |
| 610 | 2 | 0 | |a psychometria |
| 610 | 2 | 0 | |a práca personálna |
| 610 | 2 | 0 | |a technológie nové |
| 610 | 2 | 0 | |a zber dát |
| 610 | 2 | 0 | |a inteligencia umelá |
| 100 | 1 | |a Kazdová, Alena | |